000 00527nam a2200169 a 4500
001 000027656
005 20200930031008.0
008 110404s1902 dr a 000 0 spa d
040 _aDO-SdBNP
_bspa
_cBNPHU
082 _axxx
_bG241s,
100 1 _aGarrido, Miguel Ángel
_954741
245 1 0 _aSiluetas /
_cMiguel Ángel Garrido ; prólogo Manuel A. Machado.
260 _aSanto Domingo :
_bImp. La Cuna de América,
_c1902.
300 _a251 p. :
_bil. ;
_c21 cm.
700 1 _aMachado, Manuel A.
_epról.
_930827
049 _aBNPD
999 _c27148
_d27148